Educación social como modelo de práctica social /

Durante el siglo XX, La Educación Social como práctica social ha experimentado varios cambios: Desde Durkheim hasta la influencia del postulado de Paulo Freire durante la década de los 60 y posteriormente hasta los años 90. La educación social es una práctica social dinámica y siempre en evolución e...

Descripción completa

Detalles Bibliográficos
Autor principal: Coucke, Albert
Formato: Analitica de revista
Lenguaje:español
Publicado: Concepción Universidad San Sebastián, Facultad de Ciencias Jurídicas y Sociales 2005
Materias:

MARC

LEADER 00000cab a2200000 a 4500
001 047932
003 UAHC_CL
005 20170803125302.0
008 091010s2005 cl 000 spa
040 |a UAHC_CL  |c UAHC_CL  |d UAHC_CL 
100 1 |a Coucke, Albert 
245 1 0 |a Educación social como modelo de práctica social /  |c Albert Coucke. 
260 |b Universidad San Sebastián, Facultad de Ciencias Jurídicas y Sociales  |a Concepción  |c 2005 
300 |a p. 30-36 
310 |a Anual 
500 |a En: TS Cuadernos de Trabajo Social. No. 01, 2005. pp. 30-36. ISSN: 0718-1612. 
520 |a Durante el siglo XX, La Educación Social como práctica social ha experimentado varios cambios: Desde Durkheim hasta la influencia del postulado de Paulo Freire durante la década de los 60 y posteriormente hasta los años 90. La educación social es una práctica social dinámica y siempre en evolución en estrecha relación con los cambios de la\sociedad. Además es una práctica social que se mueve entre el rigor metodológico y la incertidumbre que provoca el hecho de no poder controlar todo los elementos que confluyen en un proceso educativo. Por la naturaleza fronteriza con diferentes disciplinas, la educación social tiene que establecer parámetros para la producción de conocimiento que se base en la interrelación del conocimiento empírico y el conocimiento científico. 
520 |a Durante el siglo XX, La Educación Social como práctica social ha experimentado varios cambios: Desde Durkheim hasta la influencia del postulado de Paulo Freire durante la década de los 60 y posteriormente hasta los años 90. La educación social es una práctica social dinámica y siempre en evolución en estrecha relación con los cambios de la\sociedad. Además es una práctica social que se mueve entre el rigor metodológico y la incertidumbre que provoca el hecho de no poder controlar todo los elementos que confluyen en un proceso educativo. Por la naturaleza fronteriza con diferentes disciplinas, la educación social tiene que establecer parámetros para la producción de conocimiento que se base en la interrelación del conocimiento empírico y el conocimiento científico. 
650 4 |a EDUCACION SOCIAL 
653 |a TRABAJO SOCIAL 
759 |a PP178 
773 0 |t UC Maule : revista académica de la Universidad Católica del Maule.  |w 048992 
900 |a TS, CUAD. TRAB. SOC.-01/05 
942 |c REVA 
952 |0 0  |1 0  |4 0  |6 TS__CUAD__TRAB__SOC_01_05_000000000000000  |7 0  |8 General  |9 86365  |a BC  |b BC  |c General  |d 2017-08-03  |l 0  |o TS, CUAD. TRAB. SOC.-01/05  |p FICTICIO8020  |r 2019-01-08 00:00:00  |t 1  |w 2017-08-03  |y REVA 
999 |c 47932  |d 47932